000 00692nam a22001337a 4500
040 _cRUA
082 _aAGR NAN 2021 B1-570 Or.
100 _aNAN DAVIT ណាន ដាវីត
245 _aUTILIZATION OF DIFFERENT RATES OF GIBBERLLIN (GA3) ON GROWTH REGULATOR TOMATO ការប្រើប្រាស់ថ្នាំជំរុញការលូតលាស់ជីបប៊ឺរីលីន​(GA3) កម្រិតផ្សេងៗគ្នាទៅលើដំណាំប៉េងបោះ
260 _aPHNOM PENH
_bRUA
_c2021
300 _aXI.44P
_bVIII.
_c29CM
856 _uhttps://drive.google.com/file/d/1q9Ysg8p3crt2EmsPvfyPEWEGsrF1F2DL/view?usp=sharing
942 _cAGR
999 _c22733
_d22733